Alfred Hitchcock Filme - Sudden Death - Statistiken

Allgemein
  • Dieses Quiz wurde 161 mal gespielt
  • Das Durchschnittsergebnis liegt bei 8 aus 18
Answers on the Grid
Answers color-coded by a green-red scale on the quiz's grid according to % correct below.
Psycho
Vertigo
Die 39 Stufen
Der schwarze Abt
Das verlorene Wochenende
Rebecca
Bei Anruf Mord
Menschen im Hotel
Das Fenster zum Hof
Immer Ärger mit Harry
Frau ohne Gewissen
Mord unter Palmen
Die rote Lola
Die vergessene Braut
Über den Dächern von Nizza
Der unsichtbare Dritte
Topas
Der zerrissene Vorhang
Familiengrab
Fieber
Sünden und Sünder
Saboteure
Der Mann, der zuviel wußte
Frenzy
Mord im Spiegel
Marnie
Mitternachtsspitzen
Der Fluch der alten Dame
Manderley
Im Schatten des Zweifels
 
Antwortstatistiken
Antwort % Korrekt
Psycho
95%
Vertigo
86%
Das Fenster zum Hof
79%
Bei Anruf Mord
55%
Der unsichtbare Dritte
52%
Rebecca
50%
Über den Dächern von Nizza
48%
Marnie
45%
Der Mann, der zuviel wußte
44%
Die 39 Stufen
41%
Frenzy
32%
Immer Ärger mit Harry
29%
Topas
27%
Der zerrissene Vorhang
20%
Saboteure
17%
Im Schatten des Zweifels
15%
Familiengrab
14%
Die rote Lola
12%
Keine übereinstimmenden Quizze gefunden
Verteilung der Resultate
Anzahl Personen mit jedem Resultat
Perzentil nach korrekt beantworteten Fragen
Ihre Resultats-Entwicklung
Sie haben dieses Quiz noch nicht gespielt